Movies Quiz

Random Movies or Color Quiz

Panic at Pixar Quiz Stats

Quiz Updated Nov 25, 2017

Challenge
Share
Tweet
Score 0/18 Timer 08:00
6 Plays Today
% Correct
Correct! Mike is a lean green scaring machine, not a pink one.
97.1%
Correct! No rats were harmed during the production of this quiz.
91.4%
Correct! Incredibly enough, no harm has come to this movie.
88.4%
Correct! The actual balloons aren't quite as exquisite, using only rainbow colors.
87.8%
Correct! The Good Dinosaur is all good.
87.4%
Correct! You might find Dory, but not any discolorment!
78.7%
Correct! Lightning's lightning is yellow, not green.
73.2%
Correct! These bugs are living an ink free existence.
72.7%
Correct! The ink did not toy with this flick.
71.7%
% Correct
Correct! Real chameleons are green, but Randall is purple.
71%
Correct! Woody's bandana should be red.
68%
Correct! No inky business going on here.
67.3%
Correct! Brave of you to point out that Merida's dress is blue, not red.
66%
Correct! The 'E' logo should be red, not blue.
52.2%
Correct! Mater and friends avoided the disaster.
52.1%
Correct! Sadness is happy to know you noticed her sweater should be blue.
41.4%
Correct! Blue eyes look great on him, but they're actually orange.
33.1%
Correct! Lotso's nose should be as pink as the rest of him.
27.4%

You're not logged in!

Compare scores with friends on all Sporcle quizzes.
Join for Free
OR
Log In

You Might Also Like...

Show Comments

Extras

Top Quizzes Today


Score Distribution

Your Account Isn't Verified!

In order to create a playlist on Sporcle, you need to verify the email address you used during registration. Go to your Sporcle Settings to finish the process.

Report this User

Report this user for behavior that violates our Community Guidelines.

Details: